000 00603nam a2200157 i 4500
001 42128
003 ES-MaACL
005 20230906160543.0
007 t|
008 030312s1840 sp ||||1| spa d
100 1 _aCasti, Giovanni Battista.
_936627
245 1 4 _aLos animales parleros /
_cpoema épico escrito en verso italiano por Giovanni Battista Casti ; vertido en prosa castellana por J. M. L. y M. F. ; va añadida con los orígeness de la obra del mismo autor.
260 _aBarcelona :
_b[s.n.],
_c1840 (
_fRamón Martín Yudar)
300 _a3 t. en 1 v. ;
_c16 cm.
852 _aES-MaACL
_jG-493
999 _c42128
_d42128